Can You Name Every "Tangled: The Series" Episode? - Statistics

General Stats
  • This quiz has been taken 8 times
  • The average score is 46 of 69
Answer Stats
Answer % Correct
3 Be Very Afraid
100%
3 Cassandra's Revenge (Part II of II)
100%
3 Cassandra's Revenge (Part I of II)
100%
3 Day of the Animals
100%
1 Great Expotations
100%
2 Happiness Is...
100%
1 One Angry Princess
100%
1 Painter's Block
100%
3 Plus Est En Vous (Part III of III)
100%
3 Plus Est En Vous (Part II of III)
100%
3 Plus Est En Vous (Part I of III)
100%
1 Queen for a Day (Part II of II)
100%
1 Queen for a Day (Part I of II)
100%
2 Rapunzel and The Great Tree (Part II of II)
100%
2 Rapunzel and The Great Tree (Part I of II)
100%
3 Rapunzel's Return (Part II of II)
100%
3 Rapunzel's Return (Part I of II)
100%
1 Secret of the Sun Drop (Part II of II)
100%
1 Secret of the Sun Drop (Part I of II)
100%
0 Tangled: Before Ever After
100%
1 The Alchemist Returns
100%
1 The Quest for Varian
100%
1 What the Hair!?
100%
3 A Tale of Two Sisters
50%
3 Beginnings
50%
2 Beyond the Corona Walls (Part II of II)
50%
2 Beyond the Corona Walls (Part I of II)
50%
1 Big Brothers of Corona
50%
1 Cassandra V. Eugene
50%
1 Challenge of the Brave
50%
2 Curses!
50%
2 Destinies Collide (Part II of II)
50%
2 Destinies Collide (Part I of II)
50%
1 Fitzherbert P.I.
50%
3 Flynnposter
50%
2 Forest of No Return
50%
2 Freebird
50%
1 In Like Flynn
50%
3 Islands Apart
50%
2 Keeper of the Spire
50%
2 King Pascal
50%
2 Lost and Found
50%
2 Max & Eugene in "Peril on the High Seas"
50%
1 Max's Enemy
50%
2 Mirror, Mirror
50%
3 No Time Like the Past
50%
1 Not in the Mood
50%
3 Once a Handmaiden...
50%
3 Pascal's Dragon
50%
1 Pascal's Story
50%
3 Race to the Spire
50%
2 Rapunzel: Day One
50%
1 Rapunzel's Enemy
50%
2 Rapunzeltopia
50%
3 Return of the King
50%
2 The Brothers Hook
50%
2 The Eye of Pincosta
50%
3 The King and Queen of Hearts
50%
3 The Lost Treasure of Herz Der Sonne
50%
2 There's Something About Hook Foot
50%
2 The Return of Quaid
50%
1 The Return of Strongbow
50%
1 The Way of the Willow
50%
1 The Wrath of Ruthless Ruth
50%
1 Under Raps
50%
2 Vigor the Visionary
50%
3 Who's Afraid of the Big, Bad Wolf?
50%
2 You're Kidding Me!
50%
2 Goodbye and Goodwill
0%
No matching quizzes found
Score Distribution
Percent of People with Each Score
Percentile by Number Answered
Your Score History
You have not taken this quiz